000 00912nam a2200277 a 4500
001 30321
003 BD-RJUL
005 20220209102308.0
008 900924t19681967uk a b 001 0 eng d
020 _a027340315X
035 _a(BD-RjUL)30321
040 _aBD-RjUL
_beng
_cBD-RjUL
041 _aeng
082 _223
_a519.5
_bCRA 1968
100 _aCroxton, Frederick E.
_q(Frederick Emory),
_d1899-
_9414
245 0 0 _aApplied general statistics /
_cFrederick E. Croxton, Dudley J. Cowden and Sidney Klein.
250 _a3rd ed.
260 _aLondon :
_bsir Isaac Pitman and sons Ltd. ,
_c1968, c1967
300 _axviii, 754 p. :
_bill. ;
_c24 cm.
504 _aIncludes bibliographical references and index.
650 _aStatistics
_9415
650 _aStatistics
_xGraphic methods.
_9416
700 _aCowden, Dudley J., Jt. Auth.
_9417
700 _a Klein, Sidney, Jt. Auth.
_91229
942 _2ddc
_cBK
999 _c30321
_d30321